Carminvm poetarum nouem, lyricae poeseus principum, fragmenta. Alcaei, Sapphvs, Stesichori, Ibyci, Anacreontis, Bacchylidis, Simonidis, Alcmanis, Pindari.
Saved in:
| Main Author: | |
|---|---|
| Format: | Book |
| Language: | Latin |
| Published: |
[Genevae]
excudebat Henr. Stephanus, illustris uiri Huldrichi Fuggeri typographus.
Anno M.D.LX.
|
| Series: | Pt. 2 of Estienne's edition of Pindar,
1560 |
| Tags: |
Add Tag
No Tags, Be the first to tag this record!
|
| LEADER | 00954nam a2200205K 4500 | ||
|---|---|---|---|
| 001 | 005408043-6 | ||
| 005 | 20020606163548.3 | ||
| 008 | 950313s1560 sz 000 0 lat d | ||
| 035 | 0 | |a ocm78350286 | |
| 040 | |a HHG |c HHG | ||
| 100 | 1 | |a Estienne, Henri, |d 1531-1598, |e ed. | |
| 245 | 1 | 0 | |a Carminvm poetarum nouem, lyricae poeseus principum, fragmenta. |b Alcaei, Sapphvs, Stesichori, Ibyci, Anacreontis, Bacchylidis, Simonidis, Alcmanis, Pindari. |c Nonnulla etiam aliorum. Cum latina interpretatione, partim soluta oratione, partim carmine. |
| 260 | |a [Genevae] |b excudebat Henr. Stephanus, illustris uiri Huldrichi Fuggeri typographus. |c Anno M.D.LX. | ||
| 300 | |a 432 p. |c 13 cm. (16mo) | ||
| 490 | 0 | |a Pt. 2 of Estienne's edition of Pindar, |v 1560 | |
| 500 | |a Verse dedication (p. 3-6) headed: Illvstribvs viris Marco & Ioanni Fuggero, Hen. Stephanus. | ||
| 500 | |a Greek & Latin on opposite pages. | ||
| 500 | |a Printer's mark on t.-p. | ||
| 988 | |a 20020608 | ||
| 906 | |0 MH | ||


